|
|
|
|
| LEADER |
00000nam0a2200000 4500 |
| 001 |
51783 |
| 005 |
20231031040759.0 |
| 035 |
|
|
|a (RuTPU)RU\TPU\book\54210
|
| 090 |
|
|
|a 51783
|
| 100 |
|
|
|a 20030508d1966 k y0rusy50 ca
|
| 101 |
0 |
|
|a rus
|
| 102 |
|
|
|a RU
|
| 105 |
|
|
|a a z 001zy
|
| 200 |
1 |
|
|a Конденсаторные электродвигатели для промышленности и транспорта
|f Г. Б. Меркин
|
| 210 |
|
|
|a Москва
|a Ленинград
|c Энергия
|d 1966
|
| 215 |
|
|
|a 223 с.
|c ил.
|
| 320 |
|
|
|a Библиогр.: с. 218-219
|
| 610 |
1 |
|
|a промышленный транспорт
|
| 610 |
1 |
|
|a конденсаторные электродвигатели
|
| 610 |
1 |
|
|a асинхронные машины
|
| 610 |
1 |
|
|a конденсаторные двигатели
|
| 610 |
1 |
|
|a однофазные асинхронные двигатели
|
| 610 |
1 |
|
|a электровозы
|
| 675 |
|
|
|a 621.313.333
|v 3
|
| 700 |
|
1 |
|a Меркин
|b Г. Б.
|g Григорий Борисович
|
| 801 |
|
1 |
|a RU
|b 63413507
|c 20030508
|g PSBO
|
| 801 |
|
2 |
|a RU
|b 63413507
|c 20201022
|g PSBO
|
| 942 |
|
|
|c BK
|